000 00769cab a2200217 4500
001 WB3509-15
008 090401t1999 xxu||||| |||| 00| 0 eng d
035 _a(Sirsi) u91783
041 _aeng
245 _aThink profit, act property
260 _c1999
350 _a0
490 _aRICS Press Release
_v(pr176) 2 March 1999 (2)
520 _aThe RICS Corporate Occupiers Group and Gardiner & Theobold and Jonathan Edwards Ltd. have published a report "Think profit, act property" which examines how organisations can gain maximum benefit from current property management practice.
650 _aCORPORATE PROPERTY
650 _aProperty management
_96262
650 _aRICS
690 _aCOMMERCIAL PROPERTY-MANAGEMENT
942 _n0
948 _c04/03/1999
999 _c58248
_d58248